| 000 | 00550nam a2200205 a 4500 | ||
|---|---|---|---|
| 008 | |||
| 020 | _a0434905585 (pbk.) | ||
| 049 | _aMAIN | ||
| 090 |
_aHF5438.4 _bFEN |
||
| 100 | 1 | _aFenton, John.- | |
| 245 | 1 | 4 |
_aThe A-Z of sales management / _cJohn Fenton. |
| 260 |
_aLondon : _bHeinemann, _c1979. |
||
| 300 |
_ax, 140 p. ; _c22 cm. |
||
| 650 | 0 | _aSales management. | |
| 907 |
_a.b10075410 _b07-05-12 _c17-04-03 |
||
| 003 | |||
| 005 | 20230123133411.0 | ||
| 040 | _cNUST | ||
| 942 |
_cBOOKS _kHF5438.4 _mFEN |
||
| 999 |
_c147941 _d147941 |
||